แสดงรายละเอียดบรรณานุกรม
  กลับหน้าหลัก

Brief Record : Get Marc (ISO 2709) : E-mail record : QR code ปิดหน้าต่าง
E-books : เกี่ยวกับ Collections
LEADER 00000nama 2200000uu 4500
008    040531s|||| th m m a000 0 tha d
020    974-7771-17-9
041    tha
050    อ. CR6080 ค753 2546
100    สำนักงานเลขาธิการคณะรัฐมนตรี.
245    เครื่องราชอิสริยาภรณ์ไทย = Royal Thai orders and decorations/สำนักเลขาธาการคณะรัฐมนตรี.
250    พิมพ์ครั้งที่ 3.
260    2546. กรุงเทพฯ. บริษัท อัมรินทร์พริ้นติ้งแอนด์พับลิชชิ่ง จำกัด(มหาชน).
300    411หน้า.
500    เพื่อเฉลิมพระเกียรติสมเด็จพระนางเจ้าสิริกิติ์ พระบรมราชินีนาถ เนื่องในวโรกาสมหามงคลเฉลิมพระชมพรรษา 5 รอบ วันที่ 12 สิงหาคม พุทธศักราช 2535.
650    1.เครื่องราชอิสริยาภรณ์--ไทย--ประวัติ.
995    002
999    ^aใช้งานได้ทุกระบบ
รายการนี้ยังไม่มีแท็ก
คุณยังไม่ได้ล็อกอิน คุณสามารถมีกิจกรรมร่วมกับเว็บไซต์ได้ แต่ต้องล็อกอินก่อน ::
  ล็อกอิน
ลำดับที่ ประเภท เลขเรียก สถานที่ สถานะ
1. หนังสือทั่วไป
หนังสือทั่วไป
อ. CR6080 ค753 2546  
  
หนังสือทั่วไป On Shelf
  ขอยืม
   [แสดง 1/1 รายการ]

BibComment


ยังไม่เคยถูกคอมเมนท์

คอมเมนท์ทรัพยากรรายการนี้
  คอมเมนท์: เครื่องราชอิสริยา..
Bib 196253

 
 
 

 Union Library Management : ULibM
Copyright 2026. All Rights Reserved.
скачать бесплатно без регистрации порно красивый секс HD Sex Hindi sex

xxx gou

xxxx

bfxxx

xxxwww

Секса Видео

xxxx

Секса Видео

detube

geilexxx

C99 Shell

worms shell

blod xxx video
Ebony Coed Rihanna Rimes Takes A Dick In Her Young Twat priyaa indian fuck anal and pusssy hardcore indian women xxx desi hardcore fucking part 1 bengalixxxcouple